Most Streamed Elvis Presley Songs - Statistics

General Stats
  • This quiz has been taken 96 times
  • The average score is 10 of 20
Answer Stats
Streams Song % Correct
540,667,641 Jailhouse Rock
86%
968,501,179 Can't Help Falling in Love
77%
267,350,944 Hound Dog
76%
498,513,267 Suspicious Minds
71%
146,242,136 Blue Suede Shoes
65%
153,383,761 Heartbreak Hotel
61%
376,492,100 Burning Love
57%
190,899,274 In The Ghetto
57%
96,298,637 Love Me Tender
57%
256,744,484 A Little Less Conversation
51%
83,445,187 Viva Las Vegas
46%
104,914,799 If I Can Dream
43%
102,646,977 Return to Sender
37%
136,246,904 All Shook Up
35%
168,252,217 Don't Be Cruel
34%
199,301,173 Always On My Mind
33%
162,685,354 (You're The) Devil In Disguise
32%
91,502,611 It's Now or Never
28%
77,762,635 Are You Lonesome Tonight?
27%
77,543,632 Unchained Melody
27%
No matching quizzes found
Score Distribution
Percent of People with Each Score
Percentile by Number Answered
Your Score History
You have not taken this quiz